Android: Del diseño de la arquitectura al despliegue profesional

Gardado en:
Detalles Bibliográficos
Autor Principal: Vásquez Vásquez, Ángel
Outros autores: Gómez Gutierrez, Juan Antonio, Serrano Valero, Ramón
Formato: Unknown
Idioma:inglés
Publicado: México D.F., México Alfaomega- Marcombo 2019
Subjects:
Tags: Engadir etiqueta
Sen Etiquetas, Sexa o primeiro en etiquetar este rexistro!

MARC

LEADER 00000 a2200000 4500
003 CL-VaPUC
005 20231123170341.0
008 201216b ||||| |||| 00| 0 eng d
999 |c 432328  |d 432326 
020 |a 9786075383903 
040 |c Pontificia Universidad Católica de Valparaíso 
082 |a 005.265 VAS 2019 
100 |a Vásquez Vásquez, Ángel  |9 604860 
245 |a Android:  |b Del diseño de la arquitectura al despliegue profesional 
260 |a México D.F., México   |b Alfaomega-   |b Marcombo   |c 2019 
300 |a 304 páginas  
505 |a PARTE 1: BLOQUE TEÓRICO CAPÍTULO 1 : INTRODUCCIÓN 11 ¿A quén va dirigido? 12 ¿Cuál es el propósito? 12 Darás respuestas a 13 Estructura del libro 13 En primer lugar, algunos conceptos teóricos 13 Comienza la práctica 15 Ahora practicaremos más en serio 15 Katlin para rematar 16 CAPÍTULO 2: ARQUITECTURA CLEAN 17 CAPÍTULO 3: PRINCIPIOS SOLID 21 CAPÍTULO 4: PATRONES DE DISEÑO 27 MVC (Modelo Vista Controlador) 28 MVP (Modelo VIsta Presentador) 29 Comparando MVC y MVP 31 Patrón Observer 31 CAPÍTULO 5: INYECCIÓN DE DEPENDENCIAS 35 ¿Qué es la inversión de dependencias? 36 ¿En qués nos ayuda la inyección de dependencias? 36 ¿En qué consiste? 36 CAPÍTULO 6: DAGGER 2 37 CAPÍTULO 7: ARQUITECTURA DEL PROYECTO ANDROID 41 CAPÍTULO 8: TEST UNITARIOS 43 JUnit 44 Aplicación de ejemplo 46 Test con JUnit 50 Test con Mockito 55 CAPÍTULO 9: BITBUCKET & JENKINS 67 Jenkins 74 Instalación 75 CAPÍTULO 10: TRELLO 93 CAPÍTULO 11: SLACK 97 Creación de un grupo en Slack 100 CAPÍTULO 12: BITBUCKET 107 Inicializar Git desde un directorio existente 109 Clonar repositorio en un directorio 111 Integrar Bitbucket con Slack 112 PARTE 2: PROYECTOS DE PRUEBA CAPÍTULO 1: PROYECTO BASE DAGGER 2 117 CAPÍTULO 2: PROYECTO BASE DAGGER V211 123 CAPÍTULO 3: PROYECTO CLEAN MVP CON DAGGER 211 Y RXJAVA 131 PARTE 3 : DESARROLLO DE UNA APP PROFESIONAL CAPÍTULO 1: DESARROLLO APP PROFESIONAL 167 Trello 168 Git 169 Firebase 172 GSON 179 Retrofit 2 180 Butterknife 182 Picasso 183 Realm Database 183 Desarrollo de la aplicación 186 PARTE 4: KOTLIN CAPÍTULO 1: KOTLIN 265 Hola Mundo (IntelliJ IDEA) 267 Variables y tipos 269 Arrays 270 Listas 272 Funciones 274 Colecciones y funciones 275 If-else-when 277 Hola Mundo en Kotlin 279 CAPÍTULO 2: KOTLIN MVP 285 Módulo del dominio 286 Módulo de datos 290 Módulo de presentación 293 REFLEXIONES FINALES 
583 |k Hugo Gaete  |c 20201217 
650 0 |a Android  |9 571810 
700 |a Gómez Gutierrez, Juan Antonio   |9 858729 
700 |a Serrano Valero, Ramón   |9 858899 
852 |a BIBCUR 
942 |2 ddc  |c BK 
952 |0 0  |1 0  |2 ddc  |4 0  |6 005_265000000000000_VAS_2019  |7 0  |8 A  |9 577166  |a BIBING  |b BIBING  |d 2020-12-15  |e 82  |g 17606.00  |i 5579759  |o 005.265 VAS 2019  |p 5579759  |r 2025-01-20  |t 1  |v 17606.00  |w 2020-12-15  |y BK  |k CCI 
952 |0 0  |1 0  |2 ddc  |4 0  |6 005_265000000000000_VAS_2019  |7 0  |8 A  |9 577167  |a BIBING  |b BIBING  |d 2020-12-15  |e 82  |g 17606.00  |i 5579767  |o 005.265 VAS 2019  |p 5579767  |r 2025-01-20  |t 2  |v 17606.00  |w 2020-12-15  |y BK  |k CCI